000 02049cam a22001934a 4500
005 20250605164109.0
008 250528s ||||||||||||||||||||||||d
035 _a17850
020 _a9780007458233
040 _aGR-AtMCL
_bgre
_dGR-AtMCL
_eAACR2
245 1 _aΗ Κρίση της Ψυχανάλυσης / Δοκίμια για τον Φρόϋντ, τον Μαρξ και την Κοινωνική Ψυχολογία
260 _bΜπουκουμάνης,
_c1975
300 _a250
520 _aΗ Σύγχρονη Ψυχανάλυση περναέι μια κρίση που επιφανειακά εκδηλώνεται με μια ορισμένη μείωση του αριθμού των σπουδαστών που εγγράφονται για εκπαίδευση στα ψυχαναλυτικά ινστιτούτα, καθώς και του αριθμού των ασθενών που προσφεύγουν για βοήθεια στον ψυχαναλυτή. Πρόλογος, Η Κρίση της Ψυχανάλυσης, Το Πρότυπο του Ανθρώπου και οι Κοινωνικές Ορίζουσες του Φρόϋντ, Η Συμβολή του Μάρξ στη Γνωση του Ανθρώπου, Ουμανιστικός Προγραμματισμός, Το Οιδοιπόδειο Σύμπλεγμα: Σχόλια Σχετικά με την Περίπτωση του Μικρού Χάνς, Η Σημασία της Θεωρίας του Μητριαρχικού Δικαίου Σημερα, Η Θεωρία του Μητριαρχικού Δικαίου και η Σημασία της για την Κοινωνική Ψυχολογία, Μέθοδος και Λειτουργία μιας Αναυτικής Κοινωνικής Ψυχολογίας, Η Ψυχαναλυτική Χαρακτηρολογία και η Σημασία της για την Κοινωνική Ψυχολογία, Επίλογος.
700 1 _aΦρομ Έριχ
_94133
942 _cBK
999 _c3250
_d3250